000 00988nam a2200289 i 4500
003 DO-SdBNP
005 20250725144348.0
007 ta
008 250725s1999 dr a 000 | spa d
040 _aDO-SdBNP
_bspa
_cBNPHU
_erda
041 _aspa
082 _axxxx
_bS211m
_222
100 1 _aSánchez, Federico,
_d1953-
_eautor
_926445
_4aut.
245 1 0 _aMadrigales :
_bpoemas nocturnales. Cuando el rocío acongoja con su llanto /
_cFederico Sánchez.
246 2 _aMadrigales nocturnos :
_bcuando la noche acongoja con su llanto /
250 _aSegunda edición
264 1 _aSanto Domingo :
_bA-Zeta Editorial,
_c1999.
300 _a36 páginas :
_bilustraciones ;
_c20 cm.
336 _atexto
_btxt
_2rdacontent
337 _asin mediación
_bn
_2rdamedia
338 _avolumen
_bnc
_2rdacarrier
490 1 _aLiteratura
_v2
500 _aIncluye datos biografícos del autor en la contracubierta.
590 _aInventariado, 2025/ YL
910 _aYLockward
942 _2ddc
_cLF2
999 _c59639
_d59639